[Event "IRI-ch U14"]
[Site "Chess.com INT"]
[Date "2021.01.16"]
[Round "1"]
[White "Azizi, Alireza"]
[Black "Saberi, Hirad"]
[Result "0-1"]
[WhiteElo "1039"]
[BlackElo "1673"]
[PlyCount "62"]
[EventDate "2021.01.16"]
[EventType "swiss"]
[EventRounds "11"]
[EventCountry "IRI"]
[SourceTitle "EXT 2022"]
[Source "ChessBase"]
[SourceDate "2021.10.06"]
[SourceVersion "1"]
[SourceVersionDate "2021.10.06"]
[SourceQuality "1"]

1. d4 Nf6 2. c4 g6 3. Nc3 Bg7 4. e3 d6 5. Nf3 0-0 6. Bd3 Nbd7 7. 0-0 Re8 8. Bd2 e5 9. Ne1 e4 10. Be2 Nf8 11. f3 Bf5 12. fxe4 Bxe4 13. Nxe4 Nxe4 14. Bf3 Nxd2 15. Qxd2 Qg5 16. Bxb7 Rab8 17. Bd5 Re7 18. Nf3 Qh6 19. Rae1 Ne6 20. Qf2 Rf8 21. e4 Nf4 22. Nd2 Nd3 23. Qe3 Nxe1 24. Qxh6 Bxh6 25. Nb3 Nc2 26. Rf3 Nb4 27. e5 Nxd5 28. exd6 cxd6 29. cxd5 Rc8 30. Rf6 Rc2 31. Rxd6 Re1# 0-1

[Event "IRI-ch U14"]
[Site "Chess.com INT"]
[Date "2021.01.16"]
[Round "3"]
[White "Rajaei, Amirhasan"]
[Black "Saberi, Hirad"]
[Result "1-0"]
[WhiteElo "1063"]
[BlackElo "1673"]
[PlyCount "61"]
[EventDate "2021.01.16"]
[EventType "swiss"]
[EventRounds "11"]
[EventCountry "IRI"]
[SourceTitle "EXT 2022"]
[Source "ChessBase"]
[SourceDate "2021.10.06"]
[SourceVersion "1"]
[SourceVersionDate "2021.10.06"]
[SourceQuality "1"]

1. e4 c5 2. Nf3 Nc6 3. Bb5 g6 4. 0-0 Bg7 5. Re1 e6 6. c3 Nge7 7. d4 cxd4 8. cxd4 0-0 9. d5 a6 10. Bxc6 dxc6 11. d6 Nd5 12. exd5 cxd5 13. Be3 Bxb2 14. Bd4 Bxa1 15. Bxa1 f6 16. Nc3 Qxd6 17. Ne4 Qe7 18. Nxf6+ Rxf6 19. Qd4 Rxf3 20. Qh8+ Kf7 21. gxf3 Qg5+ 22. Kf1 Ke7 23. Qg7+ Ke8 24. Bf6 Qxf6 25. Qxf6 Kd7 26. Qxe6+ Kc7 27. Rc1+ Kd8 28. Qd6+ Ke8 29. Rc7 Bh3+ 30. Kg1 Be6 31. Qe7# 1-0

[Event "IRI-ch U14"]
[Site "Chess.com INT"]
[Date "2021.01.16"]
[Round "2"]
[White "Saberi, Hirad"]
[Black "Namdar Abadi, Abolfazl"]
[Result "1-0"]
[WhiteElo "1673"]
[BlackElo "1211"]
[PlyCount "121"]
[EventDate "2021.01.16"]
[EventType "swiss"]
[EventRounds "11"]
[EventCountry "IRI"]
[SourceTitle "EXT 2022"]
[Source "ChessBase"]
[SourceDate "2021.10.06"]
[SourceVersion "1"]
[SourceVersionDate "2021.10.06"]
[SourceQuality "1"]

1. e4 e5 2. Nc3 Nf6 3. Bc4 Bc5 4. d3 Nc6 5. f4 exf4 6. Bxf4 d6 7. Nf3 0-0 8. Na4 Bb6 9. Nxb6 axb6 10. 0-0 Be6 11. Bxe6 fxe6 12. Qd2 e5 13. Bg5 Qe8 14. Bxf6 Rxf6 15. Ng5 Rg6 16. Rf2 Qe7 17. Nf3 Rf8 18. Raf1 Rgf6 19. Qc3 R8f7 20. b4 Qf8 21. Qb3 g6 22. Ng5 Nd4 23. Rxf6 Nxb3 24. Rxf7 Qd8 25. Rf8+ Qxf8 26. Rxf8+ Kxf8 27. axb3 Ke7 28. Nxh7 c5 29. bxc5 bxc5 30. Kf2 b5 31. h4 Ke6 32. Ke3 d5 33. Ng5+ Kd6 34. exd5 Kxd5 35. g4 Kd6 36. Ke4 b4 37. Nf3 Ke6 38. Nxe5 Kf6 39. Nd7+ Kg7 40. Nxc5 Kh6 41. Ne6 g5 42. hxg5+ Kg6 43. Kd4 Kf7 44. Kc4 Kg8 45. Kxb4 Kf7 46. c4 Ke7 47. c5 Kd7 48. g6 Ke7 49. c6 Kf6 50. c7 Ke7 51. c8Q Kf6 52. g5+ Ke7 53. g7 Kd6 54. g8R Ke5 55. d4+ Ke4 56. Nc5+ Kf4 57. Rf8+ Ke3 58. Qe6+ Kd2 59. Rf2+ Kd1 60. Qe2+ Kc1 61. Qc2# 1-0